Super Bowl MVPs - Statistics

General Stats
  • This quiz has been taken 19 times
  • The average score is 14 of 16
Answer Stats
Picture Answer % Correct
Aaron Rodgers
100%
Bart Starr
100%
Eli Manning
100%
Joe Montana
100%
Patrick Mahomes
100%
Peyton Manning
100%
Tom Brady
100%
Troy Aikman
100%
John Elway
93%
Jerry Rice
86%
Julian Edelman
71%
Kurt Warner
71%
Nick Foles
71%
Santonio Holmes
64%
Von Miller
64%
Malcolm Smith
43%
No matching quizzes found
Score Distribution
Percent of People with Each Score
Percentile by Number Answered
Your Score History
You have not taken this quiz